000 01147cam a22003377a 4500
003 CHAP
005 20220329135758.0
008 971013s1914 r 00010 d
010 _a41957
011 _a42929
035 _a47059
040 _cCHAP
082 _a631.586
_bM3
100 0 0 _aEscobar, Rómulo.
_937532
245 1 3 _aEl cultivo de secano
260 _aMéxico, D. F. :
_bSecretaría de Industria y Comercio,
_c1914
300 _a97 p.
_b: ilus.
490 0 _aEstación Agrícola Experimental de Cd. Juárez. Boletín
_v; 47
501 _aEnc. con : MacDonald, W. El cultivo de secano
590 _aBATCH-UPD
_b10
_c20130110
_lUCH01
_h0039
590 _aBATCH-UPD
_b10
_c20130110
_lUCH01
_h1948
590 _aBATCH-UPD
_b10
_c20130409
_lUCH01
_h2024
590 _aBATCH-UPD
_b10
_c20130410
_lUCH01
_h1310
590 _aBATCH-UPD
_b10
_c20130914
_lUCH01
_h1126
590 _aCONVERSION
_b10
_c20130109
_lUCH01
_h1323
650 1 4 _aCultivos de secano.
_930373
830 0 _aEstación Agrícola Experimental de Cd. Juárez. Boletín
_v; 47
_938204
901 _aBK
942 _cLIBRO
949 _a631.586 M3
_bBC
_cBPP
_d-107088
_eBPP
_i47059
_si
999 _c41957
_d41957